banner koha

A economia espontanea do povo: a cooperacao livre (Registro n. 260350)

MARC details
000 -LÍDER
campo de controle de tamanho fixo 00797nac a22002537a 4500
001 - NÚMERO DE CONTROLE
campo de controle BR3700056
003 - IDENTIFICADOR DO NÚMERO DE CONTROLE
campo de controle BR-BrBNA
005 - DATA E HORÁRIO DA ÚLTIMA TRANSAÇÃO
campo de controle 20240105112810.0
008 - CAMPO DE DADOS FIXOS--INFORMAÇÃO GERAL
campo de controle de tamanho fixo 230509b bl.|||m| |||| 00| 0 por d
040 ## - FONTE DA CATALOGAÇÃO
Instituição da catalogação original BR-BrBNA
Idioma da catalogação por
Instituição que transcreveu o registro Biblioteca Nacional de Agricultura
072 ## - CÓDIGO DE CATEGORIA DE ASSUNTO
Código de Categoria de Assunto E15; E70
090 ## - NÚMERO DE CHAMADA LOCAL
Número de chamada E15 BR3700056
100 1# - ENTRADA PRINCIPAL--NOME PESSOAL
Nome pessoal Frola, F.
245 1# - TÍTULO
Título A economia espontanea do povo: a cooperacao livre
260 3# - PUBLICAÇÃO, DISTRIBUIÇÃO, ETC.
Local de publicação, distribuição, etc. Rio de Janeiro, GB (Brasil):
Nome do editor, distribuidor, etc. Athena Editora,
Data da publicação, distribuição, etc. 1937.
300 ## - DESCRIÇÃO FÍSICA
Extensão 386 p.
490 ## - TÍTULO DA SÉRIE
Título da série Colecao Moderna de Cultura (Brazil)
Número do volume ou designação sequencial da série v. 5
ISSN - International Standard Serial Number
500 ## - NOTA GERAL
Nota geral (*) Documento disponível na(o) INCRA, Brasilia, DF (Brazil)
650 ## - ASSUNTO--TERMO TÓPICO
Cabeçalho tópico ou nome geográfico Microeconomia
650 ## - ASSUNTO--TERMO TÓPICO
Cabeçalho tópico ou nome geográfico Comercializacao
650 ## - ASSUNTO--TERMO TÓPICO
Cabeçalho tópico ou nome geográfico Cooperativa
909 ## -
-- 202312
-- Lúcia Elande
-- 55
-- Lúcia Elande
942 ## - ELEMENTOS DE ENTRADA ADICIONADOS (KOHA)
Fonte da classificação ou esquema de arquivamento na estante Classificação AGRIS
Ocultar no OPAC Não
Tipo de material Koha Monografia Seriada
Exemplares
Situação do descarte Fonte da classificação ou esquema de arquivamento na estante Situação física Não pode ser emprestado Coleção Biblioteca de origem Biblioteca atual Localização na estante Total de empréstimos Data de último acesso Tipo de material Koha Nota pública Fonte de aquisição
  Classificação AGRIS   INDISPONÍVEL   Biblioteca Nacional de Agricultura - Binagri Biblioteca Nacional de Agricultura - Binagri Agrobase - Acervo Geral   18/12/2023 Monografia Seriada (*) Documento disponível na(o) INCRA, Brasilia, DF (Brazil) Portaria Interministerial nº 164/94

BINAGRI

Telefone: (61)3218-2567/2388/3357/2097 - binagri@agro.gov.br

Ministério da Agricultura e Pecuária , Esplanada dos Ministérios, Bloco D, Anexo B, Brasília/DF, CEP: 70.043-900